000 00751nam a2200241Ia 4500
003 OSt
005 20220923224157.0
006 a|||||r|||| 00| 0
007 ta
008 220922b |||||||| |||| 00| 0 pan d
024 _a227,537
037 _cTextual
040 _aARTS
_cARTS
_bpan
041 _2pan
_apan
082 _aO153,3x, M7
100 _aਥਿੰਦ, ਕਰਨੌਲ ਸਿੰਘ, ਥਦ.
245 0 _aਰਾਵੀੳਜ਼ ਪਾਰ
260 _aਪਟਿਆਲਾ
_b ਪਬਲੀਕੇFਨ ਬਿਊਰੋ
_c1987
300 _a127ਪੰ
_ccm.
650 _aਪੰਜਾਬੀ ਸਾਹਿਤ
942 _hO153,3x, M7
_cTEXL
_2CC
999 _c369756
_d369756